Diskontní prodejny v ČR

Nástup hypermarketov v českom maloobchode. Cena za nízke ceny. Prečo zostali diskontné predajne bokom.

Na minha lista:
Detalhes bibliográficos
Autor principal: Škapa, Radoslav
Formato: Capítulo de Livro
Idioma:tcheco
Assuntos:
Tags: Adicionar Tag
Sem tags, seja o primeiro a adicionar uma tag!

MARC

LEADER 00000naa$a2200000$$$4500
001 0014865
005 20211005130812.6
041 0 |a cze 
044 |a SK 
245 1 0 |a Diskontní prodejny v ČR  |c Radoslav Škapa 
520 |a Nástup hypermarketov v českom maloobchode. Cena za nízke ceny. Prečo zostali diskontné predajne bokom. 
610 2 0 |a Česko 
610 2 0 |a predajne diskontné 
100 1 |a Škapa, Radoslav